Anorganická chemie

Salvato in:
Dettagli Bibliografici
Autori principali: Housecroft, Catherine E., 1955-, Sharpe, A. G., 1921- (Autore)
Altri autori: Sedmidubský, David (Redattore, Traduttore)
Natura: Libro
Lingua:ceco
inglese
Pubblicazione: Praha Vysoká škola chemicko-technologická v Praze 2014
Edizione:Vyd. 1.
Soggetti:
Accesso online:Visualizza in OPAC
Tags: Aggiungi Tag
Nessun Tag, puoi essere il primo ad aggiungerne!!

MARC

LEADER 00000nam a2200000 a 4500
005 20260127133923.0
008 150220s2014 xr al f p 001 0 cze d
020 |a 9788070808726 (viaz.) 
035 |a vtls010655962 
039 9 |a 201904301222  |b msvkbb04  |c 201904300856  |d msvkbb04  |c 201506250955  |d mschk03  |c 201502200916  |d msvkpo03  |y 201502200802  |z msvkpo04 
040 |a SVKPO  |b slo  |c SVKPO  |d STUSCHK1  |e AACR2 
041 1 |a cze  |h eng 
044 |a xr  |c CZ 
072 7 |a 546  |x Anorganická chémia  |2 konspekt 
080 |a 546  |2 2011 
080 |a (075.8)  |2 2011 
100 1 |a Housecroft, Catherine E.,  |d 1955- 
240 1 0 |a Inorganic chemistry  |l Česky 
245 1 0 |a Anorganická chemie  |c Catherine E. Housecroft, Alan G. Sharpe ; [na překladu učebnice se podíleli David Sedmidubský (editor) ... [et al.]] 
250 |a Vyd. 1. 
260 |a Praha  |b Vysoká škola chemicko-technologická v Praze  |c 2014 
300 |a XXX, 1119 s.  |b ilustr. (prev. fareb.)  |c 31 cm 
500 |a Preložené z angličtiny 
504 |a Bibliogr. odkazy ; register 
650 0 7 |a anorganická chémia  |2 SNKPH 
650 0 7 |a Anorganic chemistry  |2 SNKPHeng 
655 7 |a učebnice vysokých škôl  |2 SNKPH 
655 7 |a Textbooks (higher)  |2 SNKPHeng 
700 1 |a Sharpe, A. G.,  |d 1921-  |4 aut 
700 1 |a Sedmidubský, David  |4 edt  |4 trl 
910 |a SCHK95 
919 |a 978-80-7080-872-6 
999 |c 85  |d 85